[Event "Struga"]
[Site "Struga"]
[Date "1991.??.??"]
[Round "4"]
[White "Kiroski, Toni"]
[Black "Kocovski, Ivan"]
[Result "1/2-1/2"]
[WhiteElo "2375"]
[BlackElo "2325"]

1.e4 d6 2.d4 Nf6 3.Nc3 c6 4.f3 Nbd7 5.g4 e5 6.g5 Ng8 7.dxe5 dxe5 8.Be3 Be7
9.Qd2 h6 10.gxh6 Bh4+ 11.Bf2 Bg5 12.Be3 Bxe3 13.Qxe3 Qh4+ 14.Kd2 Qxh6 15.Rd1 Nc5
16.Qxh6 Rxh6 17.Ke3 Nf6 18.Bc4 Be6 19.Bxe6 Nxe6 20.Nge2 Ke7 21.Ng3 g6 22.Rd2 Rah8
23.Nf1 Nh5 24.Ne2 Nhf4 25.Nxf4 exf4+ 26.Kf2 Ng5 27.Rd3 Nh3+ 28.Kg2 Rh5 29.Nd2 Rg5+
30.Kf1 Rd8 31.Rxd8 Kxd8 32.Nb3 Ke7 33.Nd4 Kd6 34.Ne2 Kc5 35.Ng1 Nxg1 36.Rxg1 Rxg1+
37.Kxg1 Kd4 38.Kf2 c5 39.Ke2 c4 40.c3+ Ke5 41.Kf2 Kf6 42.Kg2 Kg5 43.h3  1/2-1/2

[Event "Subotica Interzonal (Women)"]
[Site "Subotica"]
[Date "1991.??.??"]
[Round "5"]
[White "MacArthur, B."]
[Black "Galliamova, Alisa"]
[Result "0-1"]
[WhiteElo "2185"]
[BlackElo "2435"]

1.e4 d6 2.d4 Nf6 3.Nc3 e5 4.Nf3 Nbd7 5.Bc4 Be7 6.O-O O-O 7.Re1 c6 8.a4 Qc7
9.a5 Rb8 10.Bg5 b5 11.axb6 axb6 12.Ba6 b5 13.Bxc8 Rfxc8 14.Ne2 h6 15.Bxf6 Bxf6
16.Ng3 g6 17.Qd2 Kh7 18.Ra2 Ra8 19.Rea1 Rxa2 20.Rxa2 exd4 21.Nxd4 Ne5 22.b3 Qb6
23.Nde2 Rd8 24.Qa5 Qxa5 25.Rxa5 d5 26.f4 Ng4 27.e5 Be7 28.Nd4 Bc5 29.Ne2 Ne3
30.c3 Nd1 31.b4 Bb6 32.Ra6 Rb8 33.Kf1 Ne3+ 34.Kf2 Nc4 35.Kf3 Rc8 36.h3 Kg7
37.g3 f6 38.exf6+ Kxf6 39.Nc1 Re8 40.Nxc6 Re3+ 41.Kg2 Rxc3 42.Ne2 Ne3+ 43.Kf3 Rxc6
44.Nd4 Rd6 45.Nxb5 Re6  0-1

[Event "SWZ-GP"]
[Site "Suhr"]
[Date "1991.??.??"]
[Round "8"]
[White "Leuba, Didier"]
[Black "Summermatter, Daniel"]
[Result "0-1"]
[WhiteElo "2295"]
[BlackElo "2320"]

1.d4 Nf6 2.Nc3 d6 3.e4 Nbd7 4.Nf3 c6 5.a4 Qc7 6.Be2 e5 7.O-O Be7 8.Re1 O-O
9.h3 Re8 10.Bg5 Nf8 11.d5 h6 12.Be3 Ng6 13.Bf1 Bd7 14.Nd2 Rec8 15.a5 cxd5
16.exd5 Nh7 17.Bd3 Nhf8 18.Qh5 Qd8 19.Nf3 Rc7 20.Rec1 Qc8 21.g4 Nh7 22.Bxg6 fxg6
23.Qxg6 Nf8 24.Qe4 Rc4 25.Qd3 Rb4 26.Nd2 h5 27.f3 hxg4 28.hxg4 Bxg4 29.Ra4 Rxa4
30.Nxa4 Bf5 31.Ne4 Qe8 32.Nac3 Qg6+ 33.Kf1 Qh5 34.Ke2 Ng6 35.Rf1 Rf8 36.Kd2 Bh3
37.Rf2 Bh4 38.Rh2 Rxf3 39.Nxd6 Rxe3 40.Qxe3 Bg5 41.Rxh3 Bxe3+ 42.Rxe3 Nf4
43.Nde4 Qh6 44.d6 Ng2 45.Nd5 Nxe3 46.Nxe3 Kf7 47.c4 Qh2+ 48.Kd3 Qxb2 49.Nf5 Qb1+
50.Ke3 Qe1+ 51.Kf3 Qf1+  0-1

[Event "SWZ-GP"]
[Site "Suhr"]
[Date "1991.??.??"]
[Round "8"]
[White "Rozentalis, Eduardas"]
[Black "Gavrikov, Viktor"]
[Result "1/2-1/2"]
[WhiteElo "2570"]
[BlackElo "2580"]

1.e4 d6 2.d4 Nf6 3.Nc3 e5 4.dxe5 dxe5 5.Qxd8+ Kxd8 6.Bg5 Be6 7.g3 Kc8 8.Bxf6 gxf6
9.Nd5 Nd7 10.Bh3 c6 11.Ne3 Kc7 12.Bxe6 fxe6 13.Ne2 Bc5 14.Nc4 b5 15.Nd2 a5
16.Rf1 a4 17.f4 exf4 18.Nxf4 Kd6 19.Nd3 Ke7 20.Ke2 h5 21.Nf3 Rag8 22.Rfe1 Bd6
23.Rac1 c5 24.c4 b4 25.Rcd1 Rg4 26.Kf2 Rf8 27.Re2 Rd8 28.b3 a3 29.Kg2 Bc7  1/2-1/2

[Event "Grand Prix Suisse op"]
[Site "SWZ"]
[Date "1991.??.??"]
[Round "6"]
[White "Mascarinas, Rico"]
[Black "Godena, Michele"]
[Result "1/2-1/2"]
[WhiteElo "2410"]
[BlackElo "2405"]

1.d4 d6 2.e4 Nf6 3.Nc3 c6 4.Bg5 Nbd7 5.f3 e5 6.Nge2 Be7 7.Qd2 b5 8.a3 Nb6
9.b3 Be6 10.a4 b4 11.Nd1 a5 12.dxe5 dxe5 13.Qxd8+ Rxd8 14.Nb2 Nfd7 15.Be3 Bc5
16.Bxc5 Nxc5 17.Ng3 Ke7  1/2-1/2

[Event "Tel Aviv-B"]
[Site "Tel Aviv"]
[Date "1991.??.??"]
[Round "7"]
[White "Sindik, Ervin"]
[Black "Shvidler, Eliahu"]
[Result "0-1"]
[WhiteElo "2365"]
[BlackElo "2425"]

1.e4 d6 2.d4 Nf6 3.Nc3 c6 4.f4 Qa5 5.Bd3 e5 6.Nf3 Bg4 7.fxe5 dxe5 8.dxe5 Nfd7
9.e6 Bxe6 10.Ng5 Nc5 11.Nxe6 Nxe6 12.O-O Nd7 13.Bd2 Bd6 14.Nd5 Qd8 15.Qh5 O-O
16.Bc3 g6 17.Qh6 cxd5 18.exd5 Qg5 19.Qxg5 Nxg5 20.h4 Nb6 21.Bd2 Nh3+ 22.gxh3 Nxd5
23.Bh6 Rfd8 24.Bc4 Rac8 25.Bb3 Be5 26.Rad1 Nf6 27.Rde1 Bd4+ 28.Kh1 Re8 29.c3 Rxe1
30.Rxe1 Bc5 31.Rf1 Be7 32.h5 Rc5 33.hxg6 hxg6 34.Be3 Ra5 35.Bd4 Kg7 36.Bc4 b6
37.b4 Rh5 38.Rf3 Rh8 39.a4 Rc8 40.Bb3 Rc6 41.b5 Rc7 42.h4 Rc8 43.Kg2 Rh8
44.Rf4 Rh5 45.Bd1 Rd5 46.Bf3 Rd6 47.a5 bxa5 48.Bxa7 Rd2+ 49.Kf1 Nd7 50.Bd4+ Kf8
51.Bc6 Nc5 52.Bd5 f6 53.b6 Rb2 54.b7 Nxb7 55.Bxf6 Nd6 56.Bg5+ Nf5 57.Be6 Bxg5
58.hxg5 Rb5 59.Kg2 Rc5 60.c4 Rxc4  0-1

[Event "Tel Aviv-B"]
[Site "Tel Aviv"]
[Date "1991.??.??"]
[Round "9"]
[White "Shabtai, Ran"]
[Black "Har Zvi, Ronen"]
[Result "1/2-1/2"]
[WhiteElo "2345"]
[BlackElo "2240"]

1.d4 d6 2.e4 Nf6 3.Nc3 c6 4.h3 Nbd7 5.Nf3 e5 6.Be2 Be7 7.O-O O-O 8.a4 b6
9.dxe5 dxe5 10.Bc4 Qc7 11.Qe2 Nc5 12.Rd1 a6 13.Nh4 Rb8 14.Nf5 b5 15.Nxe7+ Qxe7
16.axb5 axb5 17.Bd3 Ne6 18.Qe3 Nd4 19.Ne2 c5 20.Nxd4 cxd4 21.Qe2 b4 22.b3 Nd7
23.Bd2 Nc5 24.Bc4 Be6 25.Bxe6 Qxe6 26.Rdb1 d3 27.cxd3 Nxb3 28.Ra4 Nd4 29.Qd1 b3
30.Bc3 Rfd8 31.Bxd4 exd4  1/2-1/2

[Event "Terrassa"]
[Site "Terrassa"]
[Date "1991.??.??"]
[Round "5"]
[White "Epishin, Vladimir"]
[Black "Adams, Michael"]
[Result "1/2-1/2"]
[WhiteElo "2620"]
[BlackElo "2600"]

1.d4 d6 2.e4 Nf6 3.Nc3 e5 4.Nf3 Nbd7 5.Bc4 Be7 6.O-O O-O 7.a4 c6 8.Ba2 Re8
9.Re1 a5 10.h3 h6 11.Be3 Qc7 12.Nh4 Nf8 13.Qf3 Be6 14.Nf5 Bxa2 15.Rxa2 Kh7
16.Raa1 Ne6 17.Rad1 exd4 18.Nxd4 Nxd4 19.Bxd4 Rad8 20.Re3 Kg8 21.Qf5 Nd7
22.Rg3 Ne5 23.Qh5 Bg5 24.Be3 Bxe3  1/2-1/2

[Event "Torcy op-B"]
[Site "Torcy"]
[Date "1991.??.??"]
[Round "?"]
[White "Hunon, JF."]
[Black "Tailleux, R."]
[Result "0-1"]
[WhiteElo "1990"]
[BlackElo "1910"]

1.e4 d6 2.d4 Nf6 3.Nc3 c6 4.a4 Qa5 5.Bd2 e5 6.Nd5 Qd8 7.Nxf6+ Qxf6 8.Bc3 Qg6
9.Qf3 Bg4 10.Qe3 Nd7 11.Bc4 Be7 12.f3 Be6 13.Bxe6 fxe6 14.Qe2 exd4 15.Bxd4 e5
16.Bc3 O-O 17.Nh3 d5 18.O-O Bc5+ 19.Kh1 Rae8 20.Rad1 Qe6 21.b3 h6 22.Nf2 Nf6
23.Nd3 Bd6 24.Rde1 d4 25.Bd2 g5 26.Nf2 Rf7 27.Qc4 Qxc4 28.bxc4 Ref8 29.Kg1 Kg7
30.Rb1 Kg6 31.h3 h5 32.Nd3 g4 33.Rbe1 gxh3 34.gxh3 Nd7 35.Kg2 c5 36.a5 Kh7
37.Rb1 b6 38.a6 Be7 39.Be1 Rg7+ 40.Kh2 Rfg8 41.Rf2 Bg5 42.Rg2 Bf4+ 43.Nxf4 exf4
44.Rxg7+ Rxg7 45.Bd2 Rf7 46.Kg2 Ne5 47.Kf2 Nxc4 48.Bc1 Kg8 49.Rb3 Ne5 50.Bd2 Kf8
51.Rb1 Ke7 52.Rg1 Nc4 53.Bc1 b5 54.Rg5 Kd6 55.Rxh5 Ne3 56.Rh6+ Kd7 57.Rh5 Rg7
58.Rxc5 Rg2+ 59.Ke1 Rg1+ 60.Kd2 Rd1+ 61.Ke2 Rxc1 62.Rxb5 Kc6 63.Rb7 Kc5 64.Rxa7 Rxc2+
65.Kd3 Rc3+ 66.Kd2 Nc4+ 67.Kd1 d3 68.Rd7 Ra3 69.Ke1 d2+ 70.Ke2 Rxa6 71.Rc7+ Kd4
72.Rd7+ Kc3 73.Rd3+ Kc2 74.Rd4 Kc3 75.Rd3+ Kb2 76.Rd4 Ra1  0-1

[Event "Torcy op-B"]
[Site "Torcy"]
[Date "1991.??.??"]
[Round "?"]
[White "Bouillot, Serge"]
[Black "Charles, Leslie"]
[Result "1-0"]
[WhiteElo "1930"]
[BlackElo "1690"]

1.e4 d6 2.d4 Nf6 3.Nc3 Nbd7 4.Nf3 e5 5.Bc4 Be7 6.O-O O-O 7.h3 c6 8.a4 a5
9.Be3 Qc7 10.Qd3 exd4 11.Qxd4 Ne5 12.Nxe5 dxe5 13.Qb6 Bd8 14.Qb3 Qe7 15.Rfd1 Qb4
16.Bxf7+ Kh8 17.Qxb4 axb4 18.Bc5 Be7 19.Bxe7 Rxf7 20.Rd8+ Ng8 21.Bxb4 Rd7
22.Re8 b6 23.b3 Bb7 24.Rxa8 Bxa8 25.f3 c5 26.Ba3 Rd2 27.Ra2 Nf6 28.Bc1 Rd6
29.Be3 Bb7 30.Ra1 Kg8 31.Rd1 Rxd1+ 32.Nxd1 Nd7 33.Bd2 Kf7 34.Ne3 Ke6 35.Bc3 g6
36.Kf2 Nf6 37.Bb2 Bc6 38.Nc4 Nd7 39.Ke3 b5 40.Na5  1-0

[Event "Tuzla"]
[Site "Tuzla"]
[Date "1991.??.??"]
[Round "5"]
[White "Rubene, Ilze"]
[Black "Titova Boric, Elena"]
[Result "1/2-1/2"]
[WhiteElo "2330"]
[BlackElo "2235"]

1.d4 d6 2.e4 Nf6 3.Nc3 c6 4.g3 Qa5 5.Bg2 e5 6.Ne2 Be7 7.O-O O-O 8.h3 Nbd7
9.Be3 Re8 10.Qd2 Bf8 11.Rad1 b5 12.a3 Rb8 13.g4 g6 14.Ng3 Rd8 15.f4 Ba6 16.b4 Qc7
17.fxe5 dxe5 18.Qf2 Bg7 19.g5 Ne8 20.Qxf7+ Kh8 21.dxe5 Nxe5 22.Qxc7 Nxc7
23.Nce2 Ne6 24.Bxa7 Ra8 25.Be3 Bb7 26.Bc1 Kg8 27.h4 Nc4 28.Rd3 Ne5 29.Rdd1 Nc4
30.c3 Be5 31.Bh3 Re8 32.Kg2 Bc8 33.Nd4 Nxd4 34.cxd4 Bxh3+ 35.Kxh3 Bxg3 36.Kxg3 Rxe4
37.d5 cxd5 38.Rxd5 Nxa3 39.Rfd1 Ree8 40.Rd7 Nc4 41.Rb7 Rab8 42.Rdd7 Rxb7
43.Rxb7 Nd6 44.Rb6 Nf5+  1/2-1/2

[Event "Valby K41"]
[Site "Valby"]
[Date "1991.??.??"]
[Round "2"]
[White "Vogt, Lothar"]
[Black "Smagin, Sergey"]
[Result "1/2-1/2"]
[WhiteElo "2510"]
[BlackElo "2535"]

1.e4 d6 2.d4 Nf6 3.Nc3 e5 4.dxe5 dxe5 5.Qxd8+ Kxd8 6.Bc4 Be6 7.Bxe6 fxe6
8.f3 Bc5 9.Na4 Bb4+ 10.c3 Bd6 11.Be3 Nbd7 12.O-O-O Ke7 13.c4 Nb6 14.Nxb6 axb6
15.Kb1 Bc5 16.Bxc5+ bxc5 17.Ne2 Rhd8 18.Rxd8 Rxd8 19.Kc2 g5 20.h3 h5 21.Nc1 Ra8
22.a3 h4 23.Nd3 Nd7 24.Rd1 b6 25.Kc3 Ra7 26.Ra1 Kd6 27.Rd1 Ke7 28.Kb3 Ra8
29.a4 Ra7 30.Ka3 Ra8 31.b3 Ra5 32.Kb2 Ra8 33.Kc3 Ra7 34.g3 hxg3 35.Rg1 Ra8
36.Rxg3 Kf6 37.Nf2 Rh8 38.Kd3 Rh5 39.Rg1 Ke7 40.a5 bxa5 41.Ra1 Rh8 42.Rxa5  1/2-1/2

[Event "Vienna"]
[Site "Vienna"]
[Date "1991.??.??"]
[Round "1"]
[White "Epishin, Vladimir"]
[Black "Mokry, Karel"]
[Result "0-1"]
[WhiteElo "2615"]
[BlackElo "2525"]

1.d4 d6 2.e4 Nf6 3.Nc3 c6 4.Nf3 Bg4 5.h3 Bh5 6.Qe2 e6 7.g4 Bg6 8.Bg5 Be7
9.Bxf6 Bxf6 10.h4 h5 11.g5 Be7 12.O-O-O Nd7 13.Bh3 d5 14.Ne5 Nxe5 15.dxe5 Qa5
16.exd5 cxd5 17.f4 O-O 18.f5 exf5 19.Rxd5 Qb4 20.Bg2 Rfe8 21.Kb1 Bf8 22.Qf2 a6
23.Rhd1 Rac8 24.Ne2 f4 25.R1d2 Rxe5 26.Nc3 Bc5 27.a3 Bxf2 28.axb4 Re1+ 29.Ka2 Bxh4
30.Ra5 Rc7 31.Rc5 Rxc5 32.bxc5 Re5 33.b4 f3 34.Bxf3 Re3 35.Bxb7 Rxc3 36.Kb2 Re3
37.c6 Bg3 38.Bxa6 h4 39.b5 Bc7 40.Rd7 Be5+ 41.Ka2 h3 42.b6 h2 43.Rd1 Rc3  0-1

[Event "Vienna"]
[Site "Vienna"]
[Date "1991.??.??"]
[Round "8"]
[White "Christiansen, Larry Mark"]
[Black "Mokry, Karel"]
[Result "1-0"]
[WhiteElo "2600"]
[BlackElo "2525"]

1.d4 d6 2.e4 Nf6 3.Nc3 c6 4.Be2 Nbd7 5.Nf3 e5 6.a4 Be7 7.O-O O-O 8.Re1 Qc7
9.h3 b6 10.Bg5 Re8 11.Bh4 a6 12.Bc4 h6 13.Bg3 Bb7 14.Qe2 b5 15.Ba2 Bf8 16.dxe5 dxe5
17.Nh4 Nc5 18.Qf3 Ne6 19.Nf5 Ng5 20.Qe3 b4 21.h4 Ne6 22.Ne2 Nh5 23.Rad1 Nxg3
24.Qxg3 Kh7 25.Qf3 g6 26.Ne3 h5 27.g4 hxg4 28.Nxg4 Bg7 29.h5 Nf4 30.hxg6+ fxg6
31.Nxf4 exf4 32.Qh3+  1-0

[Event "Vienna op"]
[Site "Vienna"]
[Date "1991.??.??"]
[Round "8"]
[White "Smagin, Sergey"]
[Black "Motwani, Paul"]
[Result "1-0"]
[WhiteElo "2535"]
[BlackElo "2440"]

1.e4 d6 2.d4 Nf6 3.Nc3 e5 4.Nf3 Nbd7 5.Bc4 Be7 6.O-O O-O 7.a4 exd4 8.Nxd4 Re8
9.a5 Ne5 10.Be2 c5 11.Nb3 Nc6 12.a6 bxa6 13.Bf4 Rb8 14.Bxa6 Bxa6 15.Rxa6 Qc8
16.Ra4 Rb4 17.Re1 Bf8 18.Nd2 d5 19.Rxb4 Nxb4 20.e5 Qf5 21.exf6 Rxe1+ 22.Qxe1 Qxf4
23.fxg7 Kxg7 24.Nf1 Nxc2 25.Qd1 Nb4 26.g3 Qe5 27.Qg4+ Kh8 28.Qc8 Kg7 29.Qg4+ Kh8
30.Ne2 Qe6 31.Qf3 d4 32.Nf4 Qf5 33.g4 Qe5 34.Ng3 d3 35.Qa8 Kg8 36.Nfh5 d2
37.Qd8 Qe1+ 38.Kg2 d1=Q 39.Nf6+ Kg7  1-0

[Event "Vienna op"]
[Site "Vienna"]
[Date "1991.??.??"]
[Round "9"]
[White "Jukic, Branimir"]
[Black "Wahls, Matthias"]
[Result "0-1"]
[WhiteElo "2310"]
[BlackElo "2560"]

1.e4 d6 2.d4 Nf6 3.Nc3 e5 4.Nf3 Nbd7 5.Bc4 Be7 6.Bb3 c6 7.h3 b5 8.dxe5 dxe5
9.Qe2 a6 10.g4 Qc7 11.g5 Ng8 12.Be3 Nc5 13.O-O-O Be6 14.Bxc5 Bxc5 15.Bxe6 fxe6
16.g6 h6 17.Rd3 Nf6 18.h4 Nh5 19.Rd2 Nf4 20.Qd1 Nxg6 21.Rg1 Nf4 22.Ne2 Nh3
23.Rg6 Nxf2 24.Rxe6+ Kf7 25.Nxe5+ Kxe6 26.Nf4+ Kxe5 27.Ng6+ Ke6 28.Qf3 Rhf8
29.Qb3+ Kf6 30.h5 Kg5 31.Qc3 Bb6 32.Ne5 Ng4  0-1

[Event "Waldshut MA"]
[Site "Waldshut"]
[Date "1991.??.??"]
[Round "8"]
[White "Kettner, Juergen"]
[Black "Schmidt Schaeffer, Sebastian"]
[Result "0-1"]
[WhiteElo "2215"]
[BlackElo "2270"]

1.e4 d6 2.d4 Nf6 3.Nc3 Nbd7 4.f4 e5 5.Nf3 exd4 6.Qxd4 c6 7.e5 dxe5 8.fxe5 Bc5
9.Qf4 Qe7 10.Be2 Nd5 11.Nxd5 cxd5 12.Qg3 f6 13.Bh6 gxh6 14.O-O-O fxe5 15.Rxd5 Be3+
16.Nd2 Qg5 17.Qf3 Rf8 18.Qe4 Bxd2+ 19.Rxd2 Nf6 20.Bb5+ Kf7 21.Rf1 Kg7 22.Qb4 Bg4
23.h3 Bh5 24.Bd3 Rf7  0-1

[Event "Warsaw Legion op"]
[Site "Warsaw"]
[Date "1991.??.??"]
[Round "1"]
[White "Malisauskas, Vidmantas"]
[Black "Gryciuk, Wojciech"]
[Result "1-0"]
[WhiteElo "2505"]
[BlackElo "2260"]

1.e4 d6 2.d4 Nf6 3.Nc3 c6 4.Nf3 Bg4 5.Be2 e6 6.h3 Bxf3 7.Bxf3 d5 8.e5 Nfd7
9.Ne2 c5 10.c3 Nc6 11.O-O Qb6 12.g3 Rc8 13.Bg2 cxd4 14.cxd4 f6 15.Nf4 Nxd4
16.Be3 fxe5 17.Bxd4 Qxd4 18.Qxd4 exd4 19.Nxe6 Rc2 20.Bxd5 Nf6 21.Bb3 Rxb2
22.Rad1 Re2 23.Rxd4 Ke7 24.Nf4 Re5 25.Nd3 Re2 26.Rc1 Ne8 27.Kf1  1-0

[Event "Wch U18"]
[Site "?"]
[Date "1991.??.??"]
[Round "?"]
[White "Nielsen, Peter Heine"]
[Black "Jonker, Marc"]
[Result "0-1"]
[WhiteElo "2365"]
[BlackElo "2205"]

1.e4 d6 2.d4 Nf6 3.Nc3 c6 4.Nf3 Bg4 5.h3 Bh5 6.Be3 e6 7.Bd3 Be7 8.Qe2 Nbd7
9.g4 Bg6 10.O-O-O h6 11.Kb1 a6 12.Qd2 e5 13.dxe5 dxe5 14.Nh4 Bc5 15.f4 Qc7
16.f5 Bh7 17.Nf3 O-O-O 18.Qf2 Bxe3 19.Qxe3 b5 20.Rhg1 Ne8 21.Rd2 f6 22.Rgd1 Qb7
23.Bf1 Nc7 24.Rd6 Na8 25.Nd2 Bg8 26.Nb3 Bxb3 27.cxb3 Qc7 28.a4 Ndb6 29.Qc5 Kb7
30.a5  0-1

[Event "Wch U18"]
[Site "?"]
[Date "1991.??.??"]
[Round "?"]
[White "Kramnik, Vladimir"]
[Black "Jonker, Marc"]
[Result "1-0"]
[WhiteElo "2480"]
[BlackElo "2205"]

1.d4 d6 2.e4 Nf6 3.Nc3 c6 4.f4 Qa5 5.Bd2 Qb6 6.Nf3 Bg4 7.Na4 Bxf3 8.gxf3 Qc7
9.f5 Nbd7 10.Qe2 g6 11.Bh3 Bg7 12.Nc3 a6 13.f4 gxf5 14.Bxf5 e6 15.Bh3 O-O-O
16.O-O-O c5 17.e5 cxd4 18.exf6 dxc3 19.fxg7 cxd2+ 20.Qxd2 Rhg8 21.f5 exf5
22.Rhg1 Ne5 23.Bxf5+ Kb8 24.Bxh7 Nf3 25.Qc3 Nxg1 26.Qxc7+  1-0

[Event "Wch U18"]
[Site "?"]
[Date "1991.??.??"]
[Round "?"]
[White "Sakaev, Konstantin"]
[Black "Kramnik, Vladimir"]
[Result "1/2-1/2"]
[WhiteElo "2450"]
[BlackElo "2480"]

1.d4 d6 2.e4 Nf6 3.Nc3 e5 4.dxe5 dxe5 5.Qxd8+ Kxd8 6.Bc4 Be6 7.Bxe6 fxe6
8.Nf3 Bd6 9.Be3 Nbd7 10.a3 Ke7 11.h3 a6  1/2-1/2

[Event "Hoogovens"]
[Site "Wijk aan Zee"]
[Date "1991.??.??"]
[Round "11"]
[White "Khalifman, Alexander"]
[Black "Adams, Michael"]
[Result "1/2-1/2"]
[WhiteElo "2640"]
[BlackElo "2600"]

1.d4 d6 2.e4 Nf6 3.Nc3 e5 4.Nf3 Nbd7 5.g3 Be7 6.Bg2 O-O 7.O-O c6 8.a4 b6
9.Be3 Re8 10.Nd2 Bb7 11.h3 a6 12.Ne2 Bf8 13.dxe5 dxe5 14.Nb3 Qc7 15.a5 b5
16.c4 bxc4  1/2-1/2

[Event "Wuerzburg op"]
[Site "Wuerzburg"]
[Date "1991.??.??"]
[Round "5"]
[White "Ostermeyer, Peter"]
[Black "Miltner, Arndt"]
[Result "1/2-1/2"]
[WhiteElo "2425"]
[BlackElo "2320"]

1.e4 d6 2.d4 Nf6 3.Nc3 Nbd7 4.Nf3 e5 5.Bc4 Be7 6.O-O O-O 7.Re1 c6 8.a4 b6
9.Bg5 a6 10.Qe2 Qc7 11.d5 c5 12.Ra3 Re8 13.Nh4 Nf8 14.Nf5 h6 15.Bc1 Ng6 16.Qf3 Nh7
17.g3 Bg5 18.h4 Bxc1 19.Rxc1 Ne7 20.Re1  1/2-1/2

[Event "Zalakaros op"]
[Site "Zalakaros"]
[Date "1991.??.??"]
[Round "2"]
[White "Radnoti, Bela"]
[Black "Horvath, Tamas"]
[Result "0-1"]
[WhiteElo "2275"]
[BlackElo "2410"]

1.d4 d6 2.e4 Nf6 3.Nc3 c6 4.Bg5 Qa5 5.Bxf6 gxf6 6.a3 Bg7 7.b4 Qc7 8.Bd3 f5
9.Nge2 fxe4 10.Nxe4 Nd7 11.O-O d5 12.N4g3 Nf6 13.Nf5 Bxf5 14.Bxf5 e6 15.Bd3 Ng4
16.g3 h5 17.h3 Nf6 18.a4 O-O-O 19.Ra3 Bf8 20.Rb3 Bd6 21.b5 c5 22.dxc5 Bxc5
23.Qd2 Rhg8 24.Kh1 Kb8 25.a5 Ne4 26.Bxe4 dxe4 27.Qh6 e3 28.fxe3 h4 29.g4 Rd2
30.Nf4 Qe5 31.e4 Qxe4+ 32.Rbf3 Bf2 33.Kg2 Bg3+ 34.Kh1  0-1

[Event "Wuerttemberg-ch"]
[Site "Zell"]
[Date "1991.??.??"]
[Round "7"]
[White "Holzhaeuer, Mathias"]
[Black "Eberlein, Wolfgang"]
[Result "1-0"]
[WhiteElo "2325"]
[BlackElo "2285"]

1.e4 d6 2.d4 Nf6 3.Nc3 c6 4.f4 Qa5 5.Bd2 Qb6 6.Nf3 Bg4 7.Na4 Bxf3 8.gxf3 Qd8
9.f5 g6 10.fxg6 hxg6 11.Qe2 e6 12.O-O-O Nbd7 13.c4 d5 14.cxd5 cxd5 15.Kb1 a6
16.Bg2 Be7 17.Rc1 b5 18.Nc5 Nxc5 19.dxc5 Rc8 20.Bg5 Rh5 21.h4 Nd7 22.exd5 Nxc5
23.f4 exd5 24.Bxd5 Kf8 25.Bf3 Rh8 26.Rhd1 Qe8 27.Qe5 Rh7 28.Bxe7+ Qxe7 29.b4 Qxe5
30.fxe5 Rxh4 31.bxc5  1-0

[Event "Zuerich op"]
[Site "Zuerich"]
[Date "1991.??.??"]
[Round "2"]
[White "Rueetschi, Urs"]
[Black "Bezold, Michael"]
[Result "1-0"]
[WhiteElo "2245"]
[BlackElo "2330"]

1.d4 d6 2.e4 Nf6 3.Nc3 c6 4.Be2 Qa5 5.Qd3 e5 6.Nf3 Bg4 7.O-O Nbd7 8.a3 Be7
9.b4 Qc7 10.Rb1 O-O 11.Re1 Rfe8 12.Nd2 exd4 13.Qxd4 c5 14.bxc5 dxc5 15.Nd5 Qa5
16.Qc3 Qxc3 17.Nxc3 Bxe2 18.Rxe2 b6 19.Nc4 Bf8 20.e5 Ng4 21.Bf4 g6 22.Rd1 Nb8
23.h3 Nh6 24.Nd5 Nc6 25.Nf6+ Kg7 26.Nxe8+ Rxe8 27.c3 Nf5 28.a4 h6 29.g4 Nh4
30.Rd7 Kg8 31.Bg3 Nf3+ 32.Kg2 Ng5 33.Rc7 Ne7 34.Nd6 Ra8 35.Rd2 Ne6 36.Rb7 c4
37.Ne4 Nc6 38.Rdd7 Ned8 39.Rbc7 Bg7 40.f4 a6 41.Nd6 Bf8 42.Nxf7 Nxf7 43.Rxc6  1-0

[Event "Zug"]
[Site "Zug"]
[Date "1991.??.??"]
[Round "9"]
[White "McDonald, Neil R"]
[Black "Summermatter, Daniel"]
[Result "0-1"]
[WhiteElo "2385"]
[BlackElo "2320"]

1.e4 d6 2.d4 Nf6 3.Nc3 c6 4.f4 Qa5 5.Bd2 Qb6 6.Nf3 Bg4 7.Bd3 Nbd7 8.e5 dxe5
9.dxe5 Nd5 10.h3 Bxf3 11.Qxf3 e6 12.O-O-O O-O-O 13.Ne4 Nc5 14.Nxc5 Bxc5 15.Rhe1 g6
16.a3 Rd7 17.b4 Bd4 18.Bc4 Rhd8 19.c3 Bf2 20.Rf1 Ne3 21.Bxe3 Qxe3+ 22.Kc2 Rd2+
23.Rxd2 Rxd2+ 24.Kb3 Qxf3 25.gxf3 Bg3 26.b5 cxb5 27.Bxb5 Bxf4 28.Be8 Kd8
29.Bxf7 Ke7 30.Bg8 h6 31.h4 Rd3 32.Rg1 g5 33.hxg5 hxg5 34.Rh1 Bxe5 35.Rh7+ Kd6
36.Rxb7 Rxc3+ 37.Ka4 Bd4 38.Rb3 Rc7 39.Rd3 e5 40.Kb3 Rg7 41.Bc4 Kc5 42.Be6 Rb7+
43.Kc2 Rb2+ 44.Kd1 Rb6 45.Bf7 Rb7 46.Be6 Re7 47.Bf5 Rf7 48.Bc8 Rf6 49.Kc2 Kc4
50.Rb3 a5 51.Bh3 g4 52.Bxg4 e4 53.f4 Bc5 54.f5 Kd4 55.Rh3 a4 56.Rh8 Rc6 57.Kd2 Bxa3
58.Rd8+ Ke5 59.Re8+ Kf4 60.Bd1 Bb4+ 61.Ke2 a3 62.Ra8 Rd6 63.Bb3 Rd2+ 64.Kf1 Rb2
65.Bf7 e3 66.Bc4 Rf2+ 67.Kg1 Rc2  0-1

[Event "BRA-ch"]
[Site "Curitiba"]
[Date "1992.12.??"]
[Round "8"]
[White "Madeira, Wagner Martins"]
[Black "Correa, Aron A"]
[Result "0-1"]
[WhiteElo "2285"]
[BlackElo "2390"]

1.e4 d6 2.d4 Nf6 3.Nc3 c6 4.f4 g6 5.Nf3 Bg7 6.Bd3 O-O 7.O-O Na6 8.Qe1 Nb4
9.Qh4 Nxd3 10.cxd3 Qb6 11.e5 Ng4 12.h3 Nh6 13.g4 f5 14.exf6 exf6 15.f5 Nf7
16.fxg6 hxg6 17.Ne4 Ne5 18.Be3 Nd7 19.Rf2 d5 20.Nc5 Nxc5 21.dxc5 Qc7 22.Bd4 g5
23.Qh5 Be6 24.Qg6 Qg3+ 25.Kf1 Qxh3+ 26.Ke2 Bxg4  0-1

[Event "Aarhus op"]
[Site "Aarhus"]
[Date "1992.??.??"]
[Round "3"]
[White "Christensen, Jan"]
[Black "Borsos, Bogdan"]
[Result "0-1"]
[WhiteElo "2240"]
[BlackElo "2345"]

1.d4 d6 2.e4 Nf6 3.Nc3 c6 4.Nf3 Bg4 5.h3 Bh5 6.g4 Bg6 7.Qe2 e6 8.h4 h5 9.g5 Nfd7
10.Bf4 a6 11.O-O-O Be7 12.Bh3 b5 13.Rhe1 b4 14.Na4 Qa5 15.b3 O-O 16.Nd2 d5
17.Bxb8 Raxb8 18.f4 dxe4 19.Nc4 Qc7 20.Rf1 Bd6 21.f5 Bf4+ 22.Ne3 exf5 23.Kb1 Bxe3
24.Qxe3 Rb5 25.Rf4 Rd8 26.Rdf1 Nb6 27.Nxb6 Qxb6 28.Bxf5 Bxf5 29.Rxf5 Rxf5
30.Rxf5 Qxd4 31.Qxd4 Rxd4 32.Re5 f6  0-1

[Event "Ajka op"]
[Site "Ajka"]
[Date "1992.??.??"]
[Round "2"]
[White "Stisis, Yaacov"]
[Black "Okhotnik, Vladimir"]
[Result "0-1"]
[WhiteElo "2275"]
[BlackElo "2375"]

1.e4 d6 2.d4 Nf6 3.Nc3 c6 4.g3 e5 5.Nge2 Be7 6.Bg2 O-O 7.O-O Nbd7 8.h3 b5
9.a3 a5 10.g4 Ba6 11.Ng3 b4 12.Nce2 d5 13.exd5 Nxd5 14.Re1 bxa3 15.bxa3 Bf6
16.Ne4 Bxe2 17.Rxe2 exd4 18.Nxf6+ Qxf6 19.g5 Qf5 20.Qxd4 Rae8 21.Rxe8 Rxe8
22.c4 Re1+ 23.Kh2 Nf4 24.Qxf4 Qxf4+ 25.Bxf4 Rxa1 26.Bxc6 Nc5 27.Bd6 Nd3 28.Bb5 Nxf2
29.c5 Ne4 30.Be7 Ra2+ 31.Kg1 Rxa3 32.c6 Rc3 33.Kf1 Nc5 34.Ke2 Nb3 35.Ba4 Nc5
36.Bb5 Ne4 37.Bd8 Nd6 38.Bxa5 Nxb5  0-1

[Event "Ajka op"]
[Site "Ajka"]
[Date "1992.??.??"]
[Round "6"]
[White "Starosek, Konstantin"]
[Black "Okhotnik, Vladimir"]
[Result "1/2-1/2"]
[WhiteElo "2425"]
[BlackElo "2375"]

1.d4 d6 2.e4 Nf6 3.Nc3 c6 4.a4 Qa5 5.Bd2 e5 6.Nf3 Qc7 7.h3 g6 8.g3 Bg7 9.Bg2 O-O
10.O-O Nbd7 11.Be3 Re8 12.Re1 b6 13.Nh2 Bb7 14.f4 Nh5 15.Nf1 exf4 16.gxf4 d5
17.e5 Qd8 18.Bf3 c5 19.Bxh5 cxd4 20.Bxd4 gxh5 21.Qxh5 Re6 22.Ne3 Rh6 23.Qf3 Nxe5
24.fxe5 Bc8 25.Ng4 Rg6 26.Qxd5 Bxg4 27.hxg4 Rxg4+ 28.Kf1 Rxd4 29.Qf3 Rc8
30.Nb5 Rd2 31.Rad1 Rcxc2 32.Rxd2 Rxd2 33.Nd6 Qd7 34.Rc1 Qe6 35.Rc8+ Bf8 36.Re8 Qg6
37.Nf5 Qg5 38.Ne7+ Kg7 39.Nf5+ Kg8 40.Ne7+ Kg7  1/2-1/2

[Event "Ajka op"]
[Site "Ajka"]
[Date "1992.??.??"]
[Round "7"]
[White "Purtov, Andrei"]
[Black "Okhotnik, Vladimir"]
[Result "0-1"]
[WhiteElo "2440"]
[BlackElo "2375"]

1.e4 d6 2.d4 Nf6 3.Nc3 c6 4.Nf3 g6 5.a4 Bg7 6.g3 O-O 7.Bg2 Bg4 8.h3 Bxf3
9.Bxf3 e5 10.dxe5 dxe5 11.O-O Nbd7 12.Be3 Qe7 13.Qd3 Nc5 14.Qc4 Ne6 15.a5 Rfd8
16.Ne2 Ne8 17.c3 Nd6 18.Qa4 h5 19.h4 Kh7 20.Rfd1 Bh6 21.Bxh6 Kxh6 22.Bg2 Nb5
23.Bh3 Kg7 24.Qc4 Nd6 25.Qb4 c5 26.Qa4 c4 27.Qb4 g5 28.hxg5 Nxg5 29.Bg2 Qf6
30.f4 Ngxe4 31.Rd5 Re8 32.Rad1 Rad8 33.Bxe4 Nxe4 34.Qxc4 Rxd5 35.Qxd5 Qg6
36.Rd3 Nf6 37.Qc4 Rc8 38.Qb5 a6 39.Qxb7 Qxd3 40.fxe5 Qd1+  0-1

[Event "Alicante op"]
[Site "Alicante"]
[Date "1992.??.??"]
[Round "3"]
[White "Topalov, Veselin"]
[Black "Leskovar, Mario"]
[Result "1-0"]
[WhiteElo "2460"]
[BlackElo "2365"]

1.d4 d6 2.e4 Nf6 3.Nc3 e5 4.Nge2 c6 5.f3 Nbd7 6.g4 d5 7.g5 Nh5 8.exd5 Be7
9.dxc6 bxc6 10.Ne4 f5 11.gxf6 Ndxf6 12.N4g3 O-O 13.dxe5 Qb6 14.exf6 Bc5 15.Ne4 Rd8
16.Bd2 Be3 17.Bxe3 Rxd1+ 18.Rxd1 Qxe3 19.Rd8+ Kf7 20.Nd6+ Kxf6 21.Rf8+ Kg5
22.Rg1+ Kh4 23.Rxc8  1-0

[Event "Simferopol/Alushta"]
[Site "Alushta"]
[Date "1992.??.??"]
[Round "?"]
[White "Kuzmin, Gennadi P"]
[Black "Malaniuk, Vladimir P"]
[Result "1/2-1/2"]
[WhiteElo "2530"]
[BlackElo "2540"]

1.e4 d6 2.d4 Nf6 3.Nc3 e5 4.Nf3 Nbd7 5.Bc4 Be7 6.O-O O-O 7.a4 c6 8.Ba2 Qc7
9.Re1 Re8 10.Ng5 Rf8 11.h3 h6 12.Nf3 Re8 13.Be3 Nf8 14.Qd2 a5 15.Rad1 Be6
16.Bxe6 Nxe6 17.d5 Nf8 18.Qe2 N8d7 19.Nh4 Bf8 20.Nf5 Rac8 21.Qf3 Kh7 22.g4 g6
23.Ng3 Kg8 24.Re2 Qb8 25.h4 Qc7 26.Kg2 Nh7 27.Rh1 Qd8 28.Rd2 Nb8 29.Qe2 Nd7
30.Rb1 Nb6 31.b3 cxd5 32.Bxb6 Qxb6 33.Nxd5 Qd8 34.Nf1 Rc5 35.Nde3 Qd7 36.Qf3 Bg7
37.Nc4 Re6 38.Rd3 Qd8 39.Qd1 Bf8  1/2-1/2